000 00513nam a2200181Ia 4500
005 20250326125807.0
008 250326s9999 xx 000 0 und d
037 _aTextbook
040 _aFMSL
_beng
_cFMSL
041 _aeng
_2eng
084 _aSNI:4 N6
_qFMSL
100 _aUllmann L P
_9739703
245 0 _aCase studies in behaviour modification
_cUllmann L P; Krasner L
260 _aNY Holt
_bNY Holt, Rinehart
_c1966
300 _a402p
942 _cTB
_hSNI:4 N6
999 _c1279597
_d1279597